Đói nghèo và bất bình đẳng ở Việt Nam : Các yếu tố về khí hậu, nông nghiệp và không gian = Poverty and inequality in Vietnam : Spatial patterns and geographic determinants
In Vietnam, where regional disparities in poverty are large, information about the spatial distribution of poverty is especially important because it helps policymakers and program designers understand the causes of poverty and target programs to the poorest regions. This study pro-vides estimates o...
Gorde:
| Egile nagusia: | |
|---|---|
| Formatua: | Liburua |
| Hizkuntza: | Undetermined |
| Argitaratua: |
Hà Nội
Lao động Xã hội
2004
|
| Gaiak: | |
| Etiketak: |
Etiketa erantsi
Etiketarik gabe, Izan zaitez lehena erregistro honi etiketa jartzen!
|
| Thư viện lưu trữ: | Trung tâm Học liệu Trường Đại học Cần Thơ |
|---|
| LEADER | 01232nam a2200217Ia 4500 | ||
|---|---|---|---|
| 001 | CTU_175040 | ||
| 008 | 210402s9999 xx 000 0 und d | ||
| 082 | |a 362.57 | ||
| 082 | |b M666 | ||
| 100 | |a Minot, Nicholas | ||
| 245 | 0 | |a Đói nghèo và bất bình đẳng ở Việt Nam : | |
| 245 | 0 | |b Các yếu tố về khí hậu, nông nghiệp và không gian = Poverty and inequality in Vietnam : Spatial patterns and geographic determinants | |
| 245 | 0 | |c Nicholas Minot, Bob Baulch, Michael Epprecht | |
| 260 | |a Hà Nội | ||
| 260 | |b Lao động Xã hội | ||
| 260 | |c 2004 | ||
| 520 | |a In Vietnam, where regional disparities in poverty are large, information about the spatial distribution of poverty is especially important because it helps policymakers and program designers understand the causes of poverty and target programs to the poorest regions. This study pro-vides estimates of poverty and inequality for small areas of Vietnam and explores the geographic determinants of poverty. | ||
| 650 | |a Poverty,Economic geography,Nghèo đói | ||
| 650 | |z Vietnam,Vietnam,Việt Nam | ||
| 904 | |i Trọng Hiếu | ||
| 980 | |a Trung tâm Học liệu Trường Đại học Cần Thơ | ||